All Elite Netflix Characters - Statistics

General Stats
  • This quiz has been taken 162 times
  • The average score is 22 of 75
Answer Stats
Answer % Correct
samuel
91%
guzman
86%
omar
84%
carla
81%
nadia
81%
polo
81%
ander
78%
lucrecia
75%
marina
72%
rebeka
71%
cayetana
69%
patrick
67%
ari
64%
mencia
57%
valerio
57%
christian
54%
isadora
54%
ivan
54%
nano
51%
sara
42%
cruz
37%
nico
37%
phillipe
36%
chloe
34%
benjamin
33%
joel
32%
malick
32%
raul
31%
yeray
29%
didac
25%
eric
25%
armando
23%
bilal
22%
carmen
22%
rocio
22%
sonia
22%
azucena
21%
felipe
19%
maria
19%
dalmar
16%
hugo
16%
jess
16%
pilar
15%
javier
14%
martin
14%
alex
13%
iman
13%
pau
13%
sandra
13%
teo
13%
antonio
12%
luis
12%
inspectora
11%
andrea
10%
victoria
10%
begona
9%
laura
9%
pablo
9%
ventura
8%
Alfonso
7%
beatriz
7%
jessica
7%
virginia
7%
Alexis
6%
catalina
4%
estefania
4%
greta
4%
luena
4%
mateo
4%
roberta
4%
elodie
3%
fikile
3%
felipe montesinos
1%
sadelagu
1%
martin artinan
0%
No matching quizzes found
Score Distribution
Percent of People with Each Score
Percentile by Number Answered
Your Score History
You have not taken this quiz